🦹🏻 Afuera el traje: ¿cuál es su nombre civil? DC Comics - Estadísticas

Estadísticas generales
  • Esta prueba ha sido intentada 30 veces
  • La puntuación promedio es 8 de 16
Estadísticas de respuestas
Imagen Respuesta % Correcto
Dick Grayson
91%
Lex Luthor
86%
Barbara Gordon
82%
James Gordon
82%
Selina Kyle
73%
Harleen Quinzel
55%
Victor Stone
55%
Arthur Fleck
50%
Teth Adam
45%
Oswald Cobblepot
32%
Pamela Isley
32%
Jonn Jonzz
27%
Carter Hall
23%
Kent Nelson
18%
Mgann Morzz
18%
Renee Montoya
14%
No se encontraron pruebas coincidentes
Distribución de puntuación
Porcentaje de gente con cada puntuación
Porcentaje por número respondido
Historial de tus puntuaciones
No has intentado esta prueba.